| 000 | 00882nam a22001577a 4500 | ||
|---|---|---|---|
| 003 | OSt | ||
| 005 | 20190311152604.0 | ||
| 008 | 190311b xxu||||| |||| 00| 0 eng d | ||
| 040 | _cRUA | ||
| 082 | _aAGR OUN 2007 B1,222 Or.1 | ||
| 100 |
_913495 _aOUN SOPHEAK,អូន សុភ័ក្រ្ត |
||
| 245 | _aeffect of chacoal and different fertilizers on sen pidor in dry season in experriment station of royal university of agriculture,ប្រសិទ្ធភាពធ្យូងអង្កាមនិងប្រភេទជីផ្សែងៗលើដំណាំស្រូវសែនពិដោរនៅរដូវប្រាំងនៅស្ថានីយ៍ពិសោធន៍នៃសកលវិទ្យាល័យភូមិន្ទកសិកម្ម | ||
| 260 |
_aphnom phen _brua _c2007 |
||
| 300 |
_axiv;38p; _bill; _c29cm; |
||
| 942 |
_2ddc _cAGR |
||
| 999 |
_c17832 _d17832 |
||